00730naa#a2200169#i#4500001002300000005001700023011001400040100004100054102000700095200013900102210016900241215001000410608004500420675005400465700002600519856001500545RU\INFRA-M\bibl\11208120260502012328.6##a2500-333X##a20260325b2026####ek#y0rusy0150####ca##aRU1#aПодходы по совершенствованию борьбы с киберхищениямиeЖурнальная статья1#aМоскваcОбщество с ограниченной ответственностью «Научно-издательский центр ИНФРА-М»d2026##a8 с.##aЖурнальная статья2local##aПраво. Юридические науки. 34#1aФрасовgА. Д.4#anaukaru.ru